I Numeri Della Sabbia

Guardado en:
Detalles Bibliográficos
Autor principal: Roger R.Talbot
Formato: Libro
Lenguaje:lengua desconocida
Publicado: Mondo Libri
Etiquetas: Agregar Etiqueta
Sin Etiquetas, Sea el primero en etiquetar este registro!

MARC

LEADER 00000nam a2200000Ia 4500
001 R-867
003 CODICE-MESSINA
005 20260212102458.0
008 260211s9999 xx 000 0 und d
040 |c importazione_messina 
100 |a Roger R.Talbot 
245 0 |a I Numeri Della Sabbia 
260 |b Mondo Libri 
942 |2 ddc  |c BK 
952 |0 0  |1 0  |2 ddc  |4 0  |6 SCAFFALE_8_000000000000000__ROMANZI  |7 0  |9 31694  |a ME  |b ME  |d 2026-02-11  |l 0  |o SCAFFALE 8 - ROMANZI  |p R-867  |r 2026-02-11 23:52:43  |w 2026-02-11  |x [REVISIONARE]  |y BK 
999 |c 27359  |d 27359